Départements Français - Statistiques

Statistiques générales
  • Ce quiz a été pris 117 fois
  • Le résultat moyen est 21 sur 35
Statistiques - réponses
Question Département % Correct
Un peu onéreux Cher
89%
Domir comme un Loire
85%
Résultat d'une Addition Somme
81%
Morde est une anagramme Drome
79%
Daniel Balavoine disait qu'il ne l'était pas Hérault
79%
On en fait sur BetClic Paris
78%
Montparnasse ou Lyon saint Exupery Gard
75%
Vous le _ _ _ _ _ _ a combien, 86€ Vendée
75%
On y monte pour faire un spectacle Seine
72%
Les méninges, ou avec une pelle Creuse
68%
Prénom dans Harry Potter Rhône
67%
Prénom Féminin du département = 6X13 Yvelines
66%
Balai, raquette ou T-shirt Manche
64%
On l'est sur la plus haute marche Ain
63%
On crie Quine ou Carton Plein pour l'avoir Lot
63%
Approuva sur la tête de quelqu'un Jura
62%
Verbe conjugué, ville du 38 et capitale Vienne
59%
On y regarde le temps qui passe Eure
57%
Peut être ajouter a Disney et a Somali Landes
57%
Les lèvres saignent Gers
56%
Pe_ _ _ _ _ une fresque Indre
56%
Après celui la, on change de SÉRIE Isère
56%
Synonyme d'affectueux Doubs
55%
Ton ami peut en être un Allier
54%
Prénom de fille Aude
54%
Le soleil si lève Aube
53%
S'il fait The Voice, c'est qu'elle est magnifique Savoie
51%
Plateau avec du sable et des cailloux Marne
48%
Il est bleu Turc Oise
46%
On aime le boire Calvados
45%
Synonyme de mettre Orne
45%
Cela se complique Corse
42%
(peu peuplé) _ _ _ _ _ _ a prévu son prochain show Cantal
41%
On le porte à la mer et on aimerait le féminiser Mayotte
35%
Elle est fréquente dans les entreprises Réunion
35%
Aucun quiz correspondant
Distribution des résultats
% des personnes avec chaque résultat
Percentile par nombre de réponses
Votre historique - résultats
Vous n’avez pas pris ce quiz